Guess The American Brands! #21 - Statistics

General Stats
  • This quiz has been taken 28 times
  • The average score is 13 of 24
Answer Stats
Picture Answer % Correct
The Big Bang Theory
100%
Red Bull
96%
Friends
92%
Crunch
83%
North Face
83%
Dickies
71%
Fritos
71%
Gamestop
71%
Gerber
67%
Geico
63%
The Godfather
63%
Guess
58%
Buick
54%
Formula 1
54%
USPS
54%
Intuit
50%
US Bank
33%
Micheal Kors
25%
Lucky Strike
21%
Coach
17%
Doubletree
17%
Tory Burch
17%
Reef
13%
US Airways
13%
No matching quizzes found
Score Distribution
Percent of People with Each Score
Percentile by Number Answered
Your Score History
You have not taken this quiz